| 000 | 02161nam0a2200349 4500 | ||
|---|---|---|---|
| 001 | RU\NLR\bibl\1071983 | ||
| 005 | 20260407125755.0 | ||
| 010 |
_a5-98317-096-1 _911000 |
||
| 021 |
_aRU _b2007-13674 _9732 |
||
| 035 | _a(NLR Aleph) 001059209 | ||
| 090 |
_a927796 _c927796 |
||
| 100 | _a20070411d2007 |||y0rusy50 ca | ||
| 101 | 0 | _arus | |
| 102 | _aRU | ||
| 105 | _aa ||||||||| | ||
| 200 | 1 |
_aЛетопись Серафимо-Дивеевского монастыря Нижегородской губернии Ардатовского уезда с жизнеописанием основателей ее: преподобного Серафима и схимонахини Александры, урожденной А.С. Мельгуновой _fсост. архим. Серафим (Чичагов) |
|
| 210 |
_aМосква _cСвято-Троицкий Серафимо-Дивеевский монастырь _cКовчег _d2007 |
||
| 215 |
_a894, [1] с., [17] л. ил., портр. _d22 |
||
| 320 | _aБиблиогр.: с. 14-18 | ||
| 601 | 0 | 2 |
_aТроицкий Серафимо-Дивеевский женский монастырь _cНижегородская область _91597032 _3RU\NLR\auth\661001000 |
| 686 | _aЭ372.24-647.2 | ||
| 702 | 0 |
_4570 _8rus _7ca _aАлександра _cМельгунова, Агафия Семеновна _cсхимонахиня _f-1789 _3RU\NLR\AUTH\7711207 _9120961 |
|
| 702 | 0 |
_4570 _8rus _7ca _aСерафим Саровский _cМошнин, Прохор Сидорович _cиеромонах _f1759-1833 _3RU\NLR\AUTH\774071 _9114058 |
|
| 702 | 0 |
_4070 _8rus _7ca _aСерафим _cЧичагов, Леонид Михайлович _cмитрополит Ленинградский и Новгородский _f1856-1937 _3RU\NLR\AUTH\7715497 _9125146 |
|
| 711 | 0 | 2 |
_aТроицкий Серафимо-Дивеевский женский монастырь _cНижегородская обл. _3RU\NLR\AUTH\889971954 _9440422 |
| 801 | 0 |
_aRU _bNLR _c20070411 _gRCR |
|
| 801 | 1 |
_aRU _bNLR _c20070411 |
|
| 942 | _cBOOK | ||
| 980 | _aNB | ||